| 000 | 00481nam a2200169 a 4500 | ||
|---|---|---|---|
| 001 | 000030377 | ||
| 003 | DO-SdBNP | ||
| 005 | 20250625103547.0 | ||
| 008 | 090709s1987 dr a 000 | spa d | ||
| 040 |
_aDO-SdBNP _bspa _cBNPHU |
||
| 049 | _aBNPD | ||
| 082 |
_axxxx _bC755r |
||
| 245 | 0 | 0 |
_aRepública Dominicana : _bencuesta demográfica y de salud 1986. Informe preliminar. |
| 260 |
_aSanto Domingo : _bCONAPOFA, _c1987. |
||
| 300 |
_a21 p. : _bil. ; _c27 cm. |
||
| 942 |
_2ddc _cLBS1 |
||
| 999 |
_c29869 _d29869 |
||